000
00281nam a22001097a 4500
082
_a
355.009
_b
MIL
245
_a
Military History (A Primer) Staff Course 2000
260
_a
Quetta
300
_a
P iv, 271
_b
ill
_c
25cm
526
_a
0
_b
0
_c
0
_d
355_009000000000000_MIL
942
_2
ddc
_c
BK
999
_c
551483
_d
551483